[Event "CZE-chT1E 2425"]
[Site "Czech Republic"]
[Date "2025.04.06"]
[Round "11.8"]
[White "Skacelik, Petr"]
[Black "Mlynek, Petr"]
[Result "1-0"]
[WhiteElo "2101"]
[BlackElo "1991"]
[PlyCount "53"]
[EventDate "2024.10.20"]
[EventType "team-tourn"]
[EventRounds "11"]
[EventCountry "CZE"]
[SourceTitle "CB16_2025"]
[SourceDate "2025.04.16"]
[SourceVersion "1"]
[SourceVersionDate "2025.04.16"]
[SourceQuality "1"]
[WhiteTeam "Brno Moravska Slavia II"]
[BlackTeam "Jundrov Jezdci"]
[WhiteTeamCountry "CZE"]
[BlackTeamCountry "CZE"]

1. d4 f5 2. Nf3 g6 3. g3 Bg7 4. Bg2 Nf6 5. 0-0 d6 6. b3 Ne4 7. Bb2 c5 8. e3 Nc6 9. c4 e5 10. dxe5 dxe5 11. Qxd8+ Kxd8 12. Rd1+ Kc7 13. Nbd2 Nxd2 14. Rxd2 Rd8 15. Rad1 Be6 16. Ng5 Bg8 17. Bd5 h6 18. Nf3 Bxd5 19. cxd5 Nb4 20. a3 Nd3 21. Rxd3 e4 22. Bxg7 exd3 23. Rxd3 Rd7 24. Bxh6 Rad8 25. Bf4+ Kc8 26. d6 b5 27. Rc3 1-0

[Event "WchT Seniors 65"]
[Site "Prague"]
[Date "2025.02.25"]
[Round "8.39"]
[White "Mlynek, Petr"]
[Black "Schulz, Michael"]
[Result "0-1"]
[WhiteElo "2023"]
[BlackElo "2115"]
[PlyCount "90"]
[EventDate "2025.02.17"]
[EventType "team-swiss"]
[EventRounds "9"]
[EventCountry "CZE"]
[SourceTitle "CB09_2025"]
[SourceDate "2025.02.27"]
[SourceVersion "1"]
[SourceVersionDate "2025.02.27"]
[SourceQuality "1"]
[WhiteTeam "Polabi 65"]
[BlackTeam "Berlin 65"]
[WhiteTeamCountry "CZE"]
[BlackTeamCountry "GER"]

1. d4 Nf6 2. c4 c5 3. d5 e6 4. Nc3 exd5 5. cxd5 d6 6. e4 g6 7. f4 Bg7 8. Bb5+ Nfd7 9. Bd3 Qh4+ 10. g3 Qd8 11. Nf3 0-0 12. 0-0 a6 13. a4 Re8 14. f5 Ne5 15. Nxe5 Bxe5 16. fxg6 fxg6 17. Qf3 Rf8 18. Qxf8+ Qxf8 19. Rxf8+ Kxf8 20. Bh6+ Bg7 21. Bf4 Ke7 22. a5 Bh3 23. Ra3 Nd7 24. Rb3 Rb8 25. Ne2 h6 26. Kf2 g5 27. Ng1 Bd4+ 28. Be3 Rf8+ 29. Ke2 Bf1+ 30. Kd2 Bxe3+ 31. Kxe3 c4 32. Bxc4 Bxc4 33. Rxb7 g4 34. Rc7 Bb5 35. Rc1 Ne5 36. b3 Kd7 37. h3 h5 38. h4 Nf3 39. Ne2 Bxe2 40. Kxe2 Nd4+ 41. Ke1 Re8 42. Rc4 Nxb3 43. Kf2 Nd2 44. Rb4 Nxe4+ 45. Ke3 Nc5+ 0-1

[Event "CZE-chT1E 2425"]
[Site "Czech Republic"]
[Date "2024.10.20"]
[Round "1.8"]
[White "Mlynek, Petr"]
[Black "Pilch, Roman"]
[Result "0-1"]
[WhiteElo "1991"]
[BlackElo "2189"]
[PlyCount "116"]
[EventDate "2024.10.20"]
[EventType "team-tourn"]
[EventRounds "11"]
[EventCountry "CZE"]
[SourceTitle "CB45_2024"]
[Source "ChessBase"]
[SourceDate "2024.11.06"]
[SourceVersion "1"]
[SourceVersionDate "2024.11.06"]
[SourceQuality "1"]
[WhiteTeam "Jundrov Jezdci"]
[BlackTeam "Trinec"]
[WhiteTeamCountry "CZE"]
[BlackTeamCountry "CZE"]

1. d4 g6 2. c4 Bg7 3. Nf3 d6 4. g3 e5 5. Bg2 Nc6 6. Bg5 f6 7. Be3 e4 8. Nfd2 f5 9. f3 exf3 10. Nxf3 Qe7 11. Qd2 Nf6 12. Nc3 0-0 13. Nd5 Qd7 14. 0-0 Re8 15. Nxf6+ Bxf6 16. d5 Ne5 17. Nxe5 Bxe5 18. Bf4 Bh8 19. Rae1 Qg7 20. b3 Qd4+ 21. Qxd4 Bxd4+ 22. e3 Bc3 23. Re2 Bd7 24. Rc1 Bf6 25. h4 b6 26. b4 Be5 27. Kf2 a5 28. b5 Re7 29. Bxe5 Rxe5 30. Rce1 Rf8 31. Kg1 Kg7 32. e4 f4 33. Bf3 h5 34. Kh2 g5 35. Rg1 fxg3+ 36. Rxg3 Rxf3 37. Rxf3 Bg4 38. Rfe3 Bxe2 39. Rxe2 gxh4 40. Kh3 Re7 41. Kxh4 Kf6 42. Kxh5 Ke5 43. Kg6 Kd4 44. Kf5 Kxc4 45. Kf6 Rh7 46. e5 dxe5 47. Rxe5 Rd7 48. a4 Rxd5 49. Re4+ Kc5 50. Ke6 Rd1 51. Ke7 c6 52. Re5+ Rd5 53. Re1 cxb5 54. Ke6 Rh5 55. axb5 Kxb5 56. Rb1+ Ka6 57. Kd6 Rc5 58. Rb2 Rc1 0-1

[Event "Olomouc Seniors 65 op"]
[Site "Olomouc"]
[Date "2024.08.17"]
[Round "9"]
[White "Mlynek, Petr"]
[Black "Bjornes, Leif"]
[Result "1/2-1/2"]
[WhiteElo "1979"]
[BlackElo "1909"]
[PlyCount "64"]
[EventDate "2024.08.10"]
[EventType "swiss"]
[EventRounds "9"]
[EventCountry "CZE"]
[SourceTitle "CBM 221 Extra"]
[Source "ChessBase"]
[SourceDate "2024.09.30"]
[SourceVersion "1"]
[SourceVersionDate "2024.09.30"]
[SourceQuality "1"]

1. Nf3 d5 2. c4 c6 3. b3 Nf6 4. Bb2 Bf5 5. g3 e6 6. Bg2 Nbd7 7. 0-0 Be7 8. d3 h6 9. Nbd2 0-0 10. Qe1 a5 11. e4 Bh7 12. cxd5 cxd5 13. e5 Bxd3 14. exf6 Bxf6 15. Ne5 Bxe5 16. Bxe5 Nxe5 17. Qxe5 Bxf1 18. Bxf1 Rc8 19. Bd3 Qc7 20. Nf3 Qxe5 21. Nxe5 Rc3 22. Rd1 Rfc8 23. Kf1 Kf8 24. Ke2 Ke7 25. f4 f6 26. Nf3 Rc1 27. h4 Rxd1 28. Kxd1 Kd6 29. Nd4 Rg8 30. Bh7 Rc8 31. Bd3 Rg8 32. Bh7 Rc8 1/2-1/2

[Event "Olomouc Seniors 65 op"]
[Site "Olomouc"]
[Date "2024.08.12"]
[Round "4"]
[White "Kisa, Lubomir"]
[Black "Mlynek, Petr"]
[Result "1/2-1/2"]
[WhiteElo "2188"]
[BlackElo "1979"]
[PlyCount "48"]
[EventDate "2024.08.10"]
[EventType "swiss"]
[EventRounds "9"]
[EventCountry "CZE"]
[SourceTitle "CBM 221 Extra"]
[Source "ChessBase"]
[SourceDate "2024.09.30"]
[SourceVersion "1"]
[SourceVersionDate "2024.09.30"]
[SourceQuality "1"]

1. e4 c6 2. Nf3 d5 3. Nc3 dxe4 4. Nxe4 Nf6 5. Nxf6+ exf6 6. d4 Bd6 7. Bc4 0-0 8. 0-0 Re8 9. a4 Bg4 10. Be3 Nd7 11. Be2 Nf8 12. Nd2 Bxe2 13. Qxe2 Ng6 14. Qf3 Qd7 15. g3 Re7 16. Nc4 Bc7 17. Rfd1 Qd5 18. Qxd5 cxd5 19. Na3 f5 20. c4 f4 21. Bd2 dxc4 22. Nxc4 Rd8 23. Bc3 Red7 24. Re1 Ne7 1/2-1/2

[Event "Olomouc Seniors 65 op"]
[Site "Olomouc"]
[Date "2024.08.10"]
[Round "1"]
[White "Mlynek, Petr"]
[Black "Koudelka, Milos"]
[Result "1-0"]
[WhiteElo "1979"]
[BlackElo "1770"]
[PlyCount "101"]
[EventDate "2024.08.10"]
[EventType "swiss"]
[EventRounds "9"]
[EventCountry "CZE"]
[SourceTitle "CBM 221 Extra"]
[Source "ChessBase"]
[SourceDate "2024.09.30"]
[SourceVersion "1"]
[SourceVersionDate "2024.09.30"]
[SourceQuality "1"]

1. d4 Nf6 2. c4 c6 3. Nc3 d5 4. e3 e6 5. Nf3 Be7 6. Bd3 Nbd7 7. 0-0 0-0 8. e4 dxc4 9. Bxc4 Nb6 10. Bb3 h6 11. Be3 Bb4 12. Qd3 Re8 13. e5 Nfd7 14. Bc2 Nf8 15. Ne4 Nd5 16. Bd2 Bxd2 17. Nfxd2 Nb4 18. Qc3 Nxc2 19. Qxc2 Nh7 20. Nd6 Re7 21. N2e4 Qb6 22. Rad1 Bd7 23. Rd3 f5 24. Nc5 Bc8 25. Rb3 Qd8 26. Ncxb7 Bxb7 27. Rxb7 Rxb7 28. Nxb7 Qxd4 29. Qxc6 Qxe5 30. Nc5 Rf8 31. Nd7 Qxb2 32. Qxe6+ Rf7 33. Ne5 Ng5 34. Qd5 Qb7 35. Qc4 Qe4 36. Qxe4 Nxe4 37. Nxf7 Kxf7 38. Rc1 Ke6 39. Rc7 g5 40. Rxa7 h5 41. f3 Nc3 42. Kf2 f4 43. Ra5 Kf6 44. Ke1 g4 45. Kd2 gxf3 46. gxf3 Nxa2 47. Rxa2 Kg5 48. Kd3 Kh4 49. Ke4 Kh3 50. Ra5 h4 51. Rh5 1-0

[Event "CZE-ch Seniors 65"]
[Site "Olomouc"]
[Date "2023.08.19"]
[Round "9"]
[White "Mlynek, Petr"]
[Black "Kubicek, Antonin"]
[Result "1-0"]
[WhiteElo "1973"]
[BlackElo "2068"]
[PlyCount "99"]
[EventDate "2023.08.12"]
[EventType "swiss"]
[EventRounds "9"]
[EventCountry "CZE"]
[SourceTitle "CBM 216 Extra"]
[Source "ChessBase"]
[SourceDate "2023.11.30"]
[SourceVersion "1"]
[SourceVersionDate "2023.11.30"]
[SourceQuality "1"]

1. d4 Nf6 2. c4 g6 3. Nf3 Bg7 4. g3 c6 5. Bg2 Qa5+ 6. Nc3 Qa6 7. b3 d5 8. cxd5 cxd5 9. 0-0 Nc6 10. Ne5 Be6 11. Nxc6 Qxc6 12. Bb2 0-0 13. Rc1 Qd7 14. Qd3 Bh3 15. Qb5 Bxg2 16. Kxg2 Rfd8 17. Qxd7 Rxd7 18. e3 Ne8 19. Na4 b6 20. Rc6 b5 21. Nc5 Rd6 22. Rxd6 Nxd6 23. Rc1 Rc8 24. Na6 Rxc1 25. Bxc1 e6 26. Ba3 Ne4 27. Bc5 Nxc5 28. Nxc5 e5 29. dxe5 Bxe5 30. Nd3 Bd6 31. Kf3 f6 32. e4 d4 33. Ke2 Kf7 34. Ne1 Ke6 35. Nf3 Bc5 36. Kd3 f5 37. Nxd4+ Ke5 38. f4+ Kf6 39. e5+ Ke7 40. Nxb5 Bg1 41. Nd4 h6 42. Nf3 Bf2 43. Kc4 Be3 44. Nh4 Bg1 45. Nxg6+ Kf7 46. Nh4 Bxh2 47. Nxf5 h5 48. Kd5 h4 49. e6+ Kf6 50. e7 1-0

[Event "CZE-ch Seniors 65"]
[Site "Olomouc"]
[Date "2023.08.17"]
[Round "7"]
[White "Mlynek, Petr"]
[Black "Chubar, Vladimir"]
[Result "1-0"]
[WhiteElo "1973"]
[BlackElo "1781"]
[PlyCount "55"]
[EventDate "2023.08.12"]
[EventType "swiss"]
[EventRounds "9"]
[EventCountry "CZE"]
[SourceTitle "CBM 216 Extra"]
[Source "ChessBase"]
[SourceDate "2023.11.30"]
[SourceVersion "1"]
[SourceVersionDate "2023.11.30"]
[SourceQuality "1"]

1. d4 g6 2. c4 Bg7 3. Nf3 d6 4. g3 Nf6 5. Bg2 0-0 6. 0-0 Nc6 7. Nc3 Bg4 8. h3 Bd7 9. Bf4 Re8 10. d5 Na5 11. b3 c5 12. dxc6 Nxc6 13. Qd2 Qa5 14. a3 e5 15. b4 Qd8 16. Bg5 e4 17. Nd4 Qc8 18. Ndb5 Ne5 19. Bxf6 Bxf6 20. Nxe4 Bg7 21. Nbxd6 Nxc4 22. Nxc4 Qxc4 23. Rac1 Qb5 24. Rc5 Qa4 25. Ra5 Qc6 26. Nc5 Qc7 27. Nxd7 Rad8 28. Rd5 1-0

[Event "CZE-ch Seniors 65"]
[Site "Olomouc"]
[Date "2023.08.16"]
[Round "6"]
[White "Brousek, Jiri"]
[Black "Mlynek, Petr"]
[Result "0-1"]
[WhiteElo "1792"]
[BlackElo "1973"]
[PlyCount "86"]
[EventDate "2023.08.12"]
[EventType "swiss"]
[EventRounds "9"]
[EventCountry "CZE"]
[SourceTitle "CBM 216 Extra"]
[Source "ChessBase"]
[SourceDate "2023.11.30"]
[SourceVersion "1"]
[SourceVersionDate "2023.11.30"]
[SourceQuality "1"]

1. d4 d5 2. Nf3 c6 3. e3 Nf6 4. Bd3 Bg4 5. c4 e6 6. Nc3 Nbd7 7. h3 Bh5 8. cxd5 exd5 9. 0-0 Bd6 10. e4 dxe4 11. Nxe4 Nxe4 12. Bxe4 Nf6 13. Bf5 0-0 14. Bg5 Be7 15. Re1 Re8 16. g4 Bg6 17. Bxg6 hxg6 18. Qb3 Qd5 19. Qxd5 Nxd5 20. Bxe7 Rxe7 21. Rxe7 Nxe7 22. Re1 Kf8 23. Re4 f6 24. Kf1 Nd5 25. a3 a5 26. h4 Ra6 27. Nd2 Rb6 28. Nc4 Rb3 29. Nd6 Ne7 30. Re2 a4 31. Kg2 b5 32. Rd2 Nd5 33. f3 Ke7 34. Ne4 Ne3+ 35. Kf2 Nc4 36. Re2 Rxb2 37. Nd2+ Kd7 38. Nxc4 Rxe2+ 39. Kxe2 bxc4 40. Kd2 Kd6 41. Kc3 Kd5 42. f4 c5 43. dxc5 Kxc5 0-1

[Event "Klatovy op-C 29th"]
[Site "Klatovy"]
[Date "2023.07.03"]
[Round "3"]
[White "Mlynek, Petr"]
[Black "Fiser, Jiri1"]
[Result "0-1"]
[WhiteElo "2035"]
[BlackElo "1784"]
[PlyCount "63"]
[EventDate "2023.07.01"]
[EventType "swiss"]
[EventRounds "9"]
[EventCountry "CZE"]
[SourceTitle "CBM 215 Extra"]
[Source "ChessBase"]
[SourceDate "2023.09.30"]
[SourceVersion "1"]
[SourceVersionDate "2023.09.30"]
[SourceQuality "1"]

1. d4 f5 2. c4 Nf6 3. Nf3 g6 4. g3 Bg7 5. Bg2 0-0 6. 0-0 d6 7. Nc3 Qe8 8. d5 Na6 9. Nd4 Bd7 10. Rb1 c5 11. dxc6 bxc6 12. b4 Rb8 13. Qa4 Nxb4 14. Rxb4 Rxb4 15. Qxb4 c5 16. Qa5 cxd4 17. Nb5 Bxb5 18. cxb5 Qb8 19. Bb2 Ne4 20. Bxe4 fxe4 21. Rc1 Qb6 22. Qb4 d3 23. Qb3+ Kh8 24. Bxg7+ Kxg7 25. Qb2+ e5 26. exd3 exd3 27. Rc3 Qd4 28. Rc7+ Kf6 29. Qxd4 exd4 30. Kf1 Re8 31. Rc4 Ke5 32. Ke1 0-1

[Event "CZE-chT2E 2223"]
[Site "Czech Republic"]
[Date "2023.02.19"]
[Round "9.7"]
[White "Dvorakova, Olga"]
[Black "Mlynek, Petr"]
[Result "1-0"]
[WhiteElo "2015"]
[BlackElo "2034"]
[PlyCount "63"]
[EventDate "2022.10.16"]
[EventType "team-tourn"]
[EventRounds "11"]
[EventCountry "CZE"]
[SourceTitle "EXT 2024"]
[Source "ChessBase"]
[SourceDate "2023.10.10"]
[SourceVersion "1"]
[SourceVersionDate "2023.10.10"]
[SourceQuality "1"]
[WhiteTeam "Brno VSK Univ"]
[BlackTeam "Jundrov Jezdci II"]
[WhiteTeamCountry "CZE"]
[BlackTeamCountry "CZE"]

1. d4 d5 2. c4 c6 3. Nc3 e6 4. Nf3 dxc4 5. a4 Bb4 6. e3 b5 7. Bd2 a5 8. axb5 Bxc3 9. Bxc3 cxb5 10. b3 Bb7 11. bxc4 b4 12. Bb2 Nf6 13. Bd3 Nbd7 14. 0-0 Qc7 15. Re1 Ne4 16. Nd2 Nxd2 17. Qxd2 0-0 18. f4 f5 19. Rac1 Nf6 20. d5 exd5 21. cxd5 Qd7 22. d6 Rac8 23. Be5 Rxc1 24. Rxc1 Rc8 25. Rxc8+ Qxc8 26. Bxf6 gxf6 27. d7 Qd8 28. Bxf5 Kg7 29. Qd6 b3 30. Qe6 b2 31. Qe8 Qb6 32. Qe7+ 1-0

[Event "CZE-chT2E 2223"]
[Site "Czech Republic"]
[Date "2022.10.16"]
[Round "1.7"]
[White "Mlynek, Petr"]
[Black "Kubat, Pavel"]
[Result "1/2-1/2"]
[WhiteElo "2034"]
[BlackElo "1942"]
[PlyCount "104"]
[EventDate "2022.10.16"]
[EventType "team-tourn"]
[EventRounds "11"]
[EventCountry "CZE"]
[SourceTitle "EXT 2024"]
[Source "ChessBase"]
[SourceDate "2023.10.10"]
[SourceVersion "1"]
[SourceVersionDate "2023.10.10"]
[SourceQuality "1"]
[WhiteTeam "Jundrov Jezdci II"]
[BlackTeam "Orechov Orel"]
[WhiteTeamCountry "CZE"]
[BlackTeamCountry "CZE"]

1. d4 Nf6 2. c4 e6 3. g3 d5 4. Nf3 Bb4+ 5. Bd2 Be7 6. Bg2 0-0 7. Qc2 Nc6 8. 0-0 Nb4 9. Bxb4 Bxb4 10. a3 Be7 11. Nbd2 c6 12. e4 b6 13. Rac1 dxe4 14. Nxe4 Bb7 15. Rfd1 h6 16. c5 b5 17. Ne5 Nd5 18. Qe2 a5 19. Qh5 f5 20. Nc3 Qe8 21. Qe2 Bg5 22. f4 Bf6 23. Re1 Kh7 24. Nxd5 exd5 25. Qd3 g6 26. Re3 Qc8 27. Rce1 Qc7 28. h4 h5 29. Nf3 Rf7 30. Re6 Bc8 31. Re8 Bb7 32. Rxa8 Bxa8 33. Re6 Kg7 34. Qe3 Bb7 35. Ng5 Re7 36. Kf2 Bc8 37. Rxe7+ Qxe7 38. Bf3 Bxg5 39. fxg5 Qxe3+ 40. Kxe3 Kf7 41. Kf4 Ke6 42. Be2 Bd7 43. Bd3 Be8 44. a4 b4 45. Ba6 Bd7 46. Bb7 Kf7 47. Ke5 Ke7 48. Ba6 Be6 49. Bb7 Bd7 50. b3 Be8 51. Bc8 Bf7 52. Bb7 Be8 1/2-1/2

[Event "Olomouc Seniors op"]
[Site "Olomouc"]
[Date "2022.08.18"]
[Round "7"]
[White "Nemec, Pavel"]
[Black "Mlynek, Petr"]
[Result "1-0"]
[WhiteElo "2159"]
[BlackElo "2047"]
[PlyCount "39"]
[EventDate "2022.08.13"]
[EventType "swiss"]
[EventRounds "9"]
[EventCountry "CZE"]
[SourceTitle "CBM 209 Extra"]
[Source "ChessBase"]
[SourceDate "2022.09.30"]
[SourceVersion "1"]
[SourceVersionDate "2022.09.30"]
[SourceQuality "1"]

1. e4 c6 2. d4 d5 3. Nc3 dxe4 4. Nxe4 Nf6 5. Nxf6+ exf6 6. Bc4 Bd6 7. Qe2+ Be7 8. Nf3 0-0 9. Be3 Qa5+ 10. c3 Bf5 11. Nh4 Be4 12. f3 Bd5 13. Nf5 Bxc4 14. Nxe7+ Kh8 15. Qxc4 Re8 16. Qxf7 Na6 17. Bh6 Rxe7+ 18. Qxe7 gxh6 19. Qxf6+ Kg8 20. Qe6+ 1-0

[Event "Olomouc Seniors op"]
[Site "Olomouc"]
[Date "2022.08.17"]
[Round "6"]
[White "Mlynek, Petr"]
[Black "Bartos, Jan"]
[Result "1/2-1/2"]
[WhiteElo "2047"]
[BlackElo "2137"]
[PlyCount "30"]
[EventDate "2022.08.13"]
[EventType "swiss"]
[EventRounds "9"]
[EventCountry "CZE"]
[SourceTitle "CBM 209 Extra"]
[Source "ChessBase"]
[SourceDate "2022.09.30"]
[SourceVersion "1"]
[SourceVersionDate "2022.09.30"]
[SourceQuality "1"]

1. d4 Nf6 2. c4 e6 3. g3 d5 4. Nf3 Be7 5. Bg2 0-0 6. 0-0 dxc4 7. Qc2 a6 8. a4 Bd7 9. Qxc4 Bc6 10. Bg5 Nbd7 11. Rd1 h6 12. Bxf6 Nxf6 13. Nc3 a5 14. Ne5 Bxg2 15. Kxg2 c6 1/2-1/2

[Event "Olomouc Seniors op"]
[Site "Olomouc"]
[Date "2022.08.13"]
[Round "1"]
[White "Lexa, Vaclav"]
[Black "Mlynek, Petr"]
[Result "1-0"]
[WhiteElo "1741"]
[BlackElo "2047"]
[PlyCount "57"]
[EventDate "2022.08.13"]
[EventType "swiss"]
[EventRounds "9"]
[EventCountry "CZE"]
[SourceTitle "CBM 209 Extra"]
[Source "ChessBase"]
[SourceDate "2022.09.30"]
[SourceVersion "1"]
[SourceVersionDate "2022.09.30"]
[SourceQuality "1"]

1. d4 d5 2. c4 c6 3. Nc3 e6 4. Bf4 dxc4 5. a4 Bb4 6. e3 b5 7. axb5 cxb5 8. Qf3 Qd5 9. Qg3 Ne7 10. Bxb8 0-0 11. Bf4 Bb7 12. Qf3 Qd7 13. Qd1 Nd5 14. Nge2 f6 15. Bg3 a5 16. e4 Nb6 17. f3 f5 18. Qc2 fxe4 19. fxe4 a4 20. Bf4 e5 21. Bxe5 Qg4 22. Ng3 a3 23. bxa3 Bxe4 24. Ngxe4 Nd5 25. Bd6 Nxc3 26. Bxb4 Nxe4 27. Bxf8 Rxf8 28. Be2 Qxg2 29. Bxc4+ 1-0

[Event "CZE-chT2E 2122"]
[Site "Czech Republic"]
[Date "2022.03.20"]
[Round "10.8"]
[White "Horsak, Jan"]
[Black "Mlynek, Petr"]
[Result "1/2-1/2"]
[WhiteElo "2060"]
[BlackElo "2078"]
[PlyCount "88"]
[EventDate "2021.10.17"]
[EventType "team-tourn"]
[EventRounds "11"]
[EventCountry "CZE"]
[SourceTitle "EXT 2024"]
[Source "ChessBase"]
[SourceDate "2023.10.10"]
[SourceVersion "1"]
[SourceVersionDate "2023.10.10"]
[SourceQuality "1"]
[WhiteTeam "Stare Mesto II"]
[BlackTeam "Jundrov Jezdci II"]
[WhiteTeamCountry "CZE"]
[BlackTeamCountry "CZE"]

1. c4 c6 2. g3 d5 3. Bg2 Nf6 4. Nf3 Bf5 5. 0-0 h6 6. d4 e6 7. a4 Be7 8. b3 0-0 9. Ba3 Nbd7 10. Nc3 Ne4 11. Nxe4 Bxe4 12. Qc1 Rc8 13. Bxe7 Qxe7 14. Qb2 Qb4 15. Rfc1 c5 16. a5 dxc4 17. Rxc4 Qb5 18. dxc5 Bxf3 19. Bxf3 Rxc5 20. Qd4 Rxc4 21. bxc4 Qe5 22. Qxe5 Nxe5 23. Bxb7 Nxc4 24. a6 Rd8 25. Rc1 Nb6 26. Kg2 Kf8 27. Rc7 Rd7 28. Rc6 Nd5 29. e4 Ne7 30. Rc3 Ke8 31. Kf3 Kd8 32. Ke3 Rc7 33. Rd3+ Rd7 34. Rb3 Kc7 35. g4 e5 36. Rb5 f6 37. Rb1 Rd6 38. f4 Rb6 39. Rc1+ Kd7 40. fxe5 fxe5 41. Rd1+ Kc7 42. Rc1+ Kd7 43. Rd1+ Kc7 44. Rc1+ Kd7 1/2-1/2

[Event "EUR-chT Seniors 65"]
[Site "Prague"]
[Date "2021.09.07"]
[Round "9.3"]
[White "Vucenovic, Dragomir"]
[Black "Mlynek, Petr"]
[Result "1/2-1/2"]
[WhiteElo "2161"]
[BlackElo "2058"]
[PlyCount "128"]
[EventDate "2021.08.30"]
[EventType "team-swiss"]
[EventRounds "9"]
[EventCountry "CZE"]
[SourceTitle "CBM 204 Extra"]
[Source "ChessBase"]
[SourceDate "2021.11.30"]
[SourceVersion "1"]
[SourceVersionDate "2021.11.30"]
[SourceQuality "1"]
[WhiteTeam "Switzerland 65"]
[BlackTeam "Praha Chess Akademia 65"]
[WhiteTeamCountry "SUI"]
[BlackTeamCountry "CZE"]

1. Nf3 d5 2. d4 c6 3. g3 Bf5 4. Bg2 h6 5. b3 e6 6. Bb2 Nf6 7. 0-0 Bd6 8. Nbd2 0-0 9. c4 Nbd7 10. Re1 Re8 11. Ne5 Qc7 12. Nxd7 Qxd7 13. e4 dxe4 14. Nxe4 Nxe4 15. Bxe4 Bxe4 16. Rxe4 Rad8 17. Qe2 Be7 18. Re1 Bf6 19. h4 b6 20. a3 c5 21. dxc5 Bxb2 22. Qxb2 bxc5 23. Qe5 Qd6 24. b4 cxb4 25. Qxd6 Rxd6 26. axb4 Rb8 27. c5 Rd5 28. Ra1 Rb7 29. Rc4 Kf8 30. Ra5 Ke7 31. Kg2 f5 32. b5 Rc7 33. c6 Kd6 34. Rca4 g5 35. h5 g4 36. Kf1 Re5 37. Ra2 f4 38. gxf4 Rxh5 39. Kg2 Rd5 40. R2a3 h5 41. Kg3 Rh7 42. Kh4 Rc7 43. Ra2 Rg7 44. R2a3 Rc7 45. Ra2 Rg7 46. Kg3 Rd3+ 47. Kg2 Rd5 48. Rb2 h4 49. Ra3 Rh7 50. Kh2 Rg7 51. Kg2 Rh7 52. Re3 Rf7 53. Re4 Rff5 54. Rc4 Rf7 55. Ra4 Rh7 56. Ra6 Rc7 57. Kh2 Rc5 58. Rd2+ Rd5 59. Rb2 Rc5 60. Ra3 Rd5 61. Rab3 Rf5 62. f3 g3+ 63. Kh3 Rg7 64. Rd3+ Rd5 1/2-1/2

[Event "EUR-chT Seniors 65"]
[Site "Prague"]
[Date "2021.09.03"]
[Round "5.2"]
[White "Mlynek, Petr"]
[Black "Jorgensen, Jorgen"]
[Result "1/2-1/2"]
[WhiteElo "2058"]
[BlackElo "2165"]
[PlyCount "126"]
[EventDate "2021.08.30"]
[EventType "team-swiss"]
[EventRounds "9"]
[EventCountry "CZE"]
[SourceTitle "CBM 204 Extra"]
[Source "ChessBase"]
[SourceDate "2021.11.30"]
[SourceVersion "1"]
[SourceVersionDate "2021.11.30"]
[SourceQuality "1"]
[WhiteTeam "Praha Chess Akademia 65"]
[BlackTeam "Denmark SK 2012"]
[WhiteTeamCountry "CZE"]
[BlackTeamCountry "DEN"]

1. d4 f5 2. c4 Nf6 3. Nf3 g6 4. g3 Bg7 5. Bg2 d6 6. Nc3 0-0 7. 0-0 c6 8. d5 Bd7 9. Nd4 cxd5 10. cxd5 Na6 11. e4 fxe4 12. Nxe4 Nxe4 13. Bxe4 Nc5 14. Bg2 Qb6 15. b3 a5 16. Be3 Qa6 17. Re1 Rae8 18. Rc1 Rf7 19. Bf1 Qa8 20. Bb5 Bxd4 21. Bxd7 Bxe3 22. Bxe8 Bxf2+ 23. Kg2 Qxe8 24. Re2 Qb5 25. Rc4 Bxg3 26. hxg3 a4 27. Re3 axb3 28. axb3 Qa6 29. Qe2 Kf8 30. b4 Nd7 31. Rc8+ Kg7 32. Qxa6 bxa6 33. Rc6 Nf6 34. Rd3 Ng4 35. Rf3 Nf6 36. Rxa6 Rf8 37. Ra7 Kf7 38. Rb7 Ra8 39. b5 Ke8 40. Rd3 Nd7 41. b6 Ra2+ 42. Kh3 Rb2 43. Ra3 Nxb6 44. Rb8+ Kf7 45. Rf3+ Kg7 46. Rb7 Kh6 47. Rf7 Rb4 48. Rfxe7 Kg5 49. Rxh7 Nxd5 50. Rxb4 Nxb4 51. Rb7 Nd3 52. Rd7 Nf2+ 53. Kg2 Ne4 54. Kf3 Kf5 55. g4+ Ke6 56. Rd8 Ng5+ 57. Kf4 Nf7 58. Rf8 g5+ 59. Ke4 Ne5 60. Re8+ Kf6 61. Rf8+ Ke6 62. Rf5 Nxg4 63. Rxg5 Nf6+ 1/2-1/2

[Event "EUR-chT Seniors 65"]
[Site "Prague"]
[Date "2021.08.30"]
[Round "1.3"]
[White "Mlynek, Petr"]
[Black "Meister, Jakob"]
[Result "0-1"]
[WhiteElo "2058"]
[BlackElo "2416"]
[PlyCount "68"]
[EventDate "2021.08.30"]
[EventType "team-swiss"]
[EventRounds "9"]
[EventCountry "CZE"]
[SourceTitle "CBM 204 Extra"]
[Source "ChessBase"]
[SourceDate "2021.11.30"]
[SourceVersion "1"]
[SourceVersionDate "2021.11.30"]
[SourceQuality "1"]
[WhiteTeam "Praha Chess Akademia 65"]
[BlackTeam "Lasker Schachstiftung 65"]
[WhiteTeamCountry "CZE"]
[BlackTeamCountry "GER"]

1. d4 Nf6 2. c4 e6 3. g3 c5 4. Nf3 cxd4 5. Nxd4 d5 6. Bg2 e5 7. Nf3 d4 8. 0-0 Nc6 9. e3 Be7 10. exd4 exd4 11. Nbd2 0-0 12. a3 a5 13. b3 Bf5 14. Re1 Nd7 15. Ne4 Bxe4 16. Rxe4 Nc5 17. Re2 Qb6 18. Rb1 Na4 19. Bd2 Nc3 20. Bxc3 dxc3 21. Qc2 Bf6 22. Rd1 Qc5 23. Qc1 Rad8 24. Ree1 g6 25. h4 a4 26. bxa4 Qxc4 27. Qc2 Rxd1 28. Rxd1 Re8 29. Bf1 Qc5 30. Rd7 Re7 31. Rxe7 Nxe7 32. Ng5 Bxg5 33. hxg5 Nf5 34. Bb5 Nd4 0-1

[Event "Niederoesterreich Landesliga 1920"]
[Site "Austria"]
[Date "2019.10.27"]
[Round "3.3"]
[White "Vrana, Frantisek"]
[Black "Mlynek, Petr"]
[Result "0-1"]
[WhiteElo "2254"]
[BlackElo "2094"]
[PlyCount "88"]
[EventDate "2019.09.22"]
[EventType "team-tourn"]
[EventRounds "9"]
[EventCountry "AUT"]
[SourceTitle "CBM 195 Extra"]
[Source "ChessBase"]
[SourceDate "2020.05.31"]
[SourceVersion "1"]
[SourceVersionDate "2020.05.31"]
[SourceQuality "1"]
[WhiteTeam "Mistelbach/Altlichtenwarth"]
[BlackTeam "Zwettl"]
[WhiteTeamCountry "AUT"]
[BlackTeamCountry "AUT"]

1. d4 d5 2. Nf3 c6 3. c3 Bf5 4. Bf4 e6 5. Qb3 Qb6 6. Nbd2 Nd7 7. e3 Ngf6 8. Nh4 Ne4 9. Nxf5 exf5 10. Bd3 g6 11. Nf3 Bg7 12. Qa3 Bf8 13. Qb3 Bg7 14. h4 h5 15. Ng1 0-0 16. Ne2 Rfe8 17. f3 Nef6 18. Kf2 Re6 19. Rhe1 Rae8 20. c4 Qxb3 21. axb3 a6 22. Ra4 c5 23. b4 dxc4 24. Bxc4 Nb6 25. b3 Nxa4 26. bxa4 cxb4 27. Bxe6 Rxe6 28. Rc1 Rc6 29. Rxc6 bxc6 30. Nc1 Nd5 31. Bb8 f4 32. exf4 Bxd4+ 33. Ke2 Bb2 34. Nd3 Bf6 35. Nc5 Be7 36. Nxa6 Nc3+ 37. Kd2 Nxa4 38. Kc2 c5 39. g3 c4 40. Be5 b3+ 41. Kd2 f6 42. Bd4 Kf7 43. Nc7 Bb4+ 44. Kd1 c3 0-1